000 00551nam a2200193Ia 4500
005 20250923145356.0
008 008 250917s9999 xx 000 0 eng d
037 _aTextual
040 _aDSWL
_beng
_cDSWL
041 _aeng
_2eng
084 _aY31:1:12:2:N5x7, K1;4
_qDSWL
245 0 _aVillage India
_c Ed. by M. Marriott
260 _aBombay
_bAsia Pub. House
_c1961
300 _axviii,226 p.
365 _aINR
_b11 . 60
925 _g11 . 60
942 _cTEXL
_hY31:1:12:2:N5x7, K1;4
999 _c1450624
_d1450624